Automatizované defektoskopické skúšanie závitových otvorov M48x5 v prírube kolektora parogenerátora v JEVVER 440 : Bakalárska práca

Na minha lista:
Detalhes bibliográficos
Autor principal: Galbička, Daniel (Author)
Outros Autores: Žúbor, Peter, 1974- (xxx)
Formato: Manuscrito Livro
Idioma:eslovaco
Publicado em: Trnava : STU v Bratislave MtF KMI, 2005
Assuntos:
Tags: Adicionar Tag
Sem tags, seja o primeiro a adicionar uma tag!

MARC

LEADER 00000ntm a22000003a 4500
001 stu97697
005 20160719155346.5
008 051118s2005----xo------------------slo-d
040 |a STU  |b slo 
041 0 |a slo 
044 |a xo 
100 1 |a Galbička, Daniel  |4 aut 
245 1 |a Automatizované defektoskopické skúšanie závitových otvorov M48x5 v prírube kolektora parogenerátora v JEVVER 440 :  |b Bakalárska práca 
260 |a Trnava :  |b STU v Bratislave MtF KMI,  |c 2005 
300 |a 48 s  |c 1 CD 
650 7 |a materiálové inžinierstvo  |2 stusub 
650 7 |a nedeštruktívne testovanie  |2 stusub 
700 1 |a Žúbor, Peter,  |d 1974-  |4 xxx  |u M130  |U MTF Materiálovotechnologická fakulta  |T MTF Katedra materiálového inžinierstva  |X 2762  |U M130  |Y 481  |7 A000002762 
996 |b 284M063590  |c M*BP-1589  |l MMSKP  |s P  |a 0  |w stu97697_0001